[Event "DEM U10w 2019"]
[Site "Willingen GER"]
[Date "2019.06.12"]
[Round "6"]
[White "Wehling, Ida"]
[Black "Krasikova, Milana"]
[Result "0-1"]
[Termination "normal"]
[Board "15"]
[WhiteElo "1093"]
[BlackElo "1023"]
[PlyCount "126"]
[WhiteFideId "16287452"]
[BlackFideId "16287347"]
[EventCountry "GER"]
[EventRounds "11"]
[EventType "swiss"]
[EventDate "2019.06.08"]

1. e4 e5 2. Nf3 Nc6 3. Bc4 Nf6 4. d3 d6 5. h3 Be7 6. Be3 Be6 7. Bb3 Bxb3 8.
axb3 d5 9. exd5 Nxd5 10. Bd2 Qd6 11. Nc3 Nf4 12. Nb5 Qd7 13. Be3 Nxg2+ 14. Kf1
Nxe3+ 15. fxe3 a6 16. Nc3 f5 17. e4 fxe4 18. Nxe4 Qf5 19. Ke1 Bb4+ 20. c3 Be7
21. Kd2 Rf8 22. Rf1 Qxh3 23. Kc2 b5 24. Rc1 a5 25. d4 b4 26. dxe5 Rd8 27. Qe2
h6 28. cxb4 axb4 29. Kb1 g5 30. Ng1 Qe6 31. Qb5 Rxf1 32. Rxf1 Qd5 33. Qxd5 Rxd5
34. Rc1 Nxe5 35. Rxc7 Rd1+ 36. Rc1 Rxc1+ 37. Kxc1 g4 38. Kd2 Kf7 39. Ke3 Kg6
40. Kf4 Nd3+ 41. Kxg4 h5+ 42. Kf3 Nxb2 43. Ne2 Nd3 44. Nf4+ Nxf4 45. Kxf4 h4
46. Kg4 Kf7 47. Nd2 Ke6 48. Nf3 Kd5 49. Nd2 Kd4 50. Nf3+ Kc3 51. Nxh4 Bxh4 52.
Kxh4 Kxb3 53. Kg3 Ka3 54. Kf4 b3 55. Ke4 b2 56. Kd4 b1=Q 57. Kd5 Qe1 58. Kd4
Kb3 59. Kd5 Kc3 60. Kd6 Kc4 61. Kd7 Kc5 62. Kd8 Kc6 63. Kc8 Qe8# 0-1

[Event "DEM U10w 2019"]
[Site "Willingen GER"]
[Date "2019.06.12"]
[Round "6"]
[White "Ezold, Johanna Sophie"]
[Black "Matthes, Aimee"]
[Result "1-0"]
[Termination "normal"]
[Board "16"]
[WhiteElo "1076"]
[BlackElo "918"]
[PlyCount "101"]
[WhiteFideId "16275411"]
[BlackFideId "16287371"]
[EventCountry "GER"]
[EventRounds "11"]
[EventType "swiss"]
[EventDate "2019.06.08"]

1. e4 d5 2. exd5 Qxd5 3. Nc3 Qd8 4. Nf3 Bf5 5. Bc4 e6 6. d3 Nc6 7. Be3 Qf6 8.
h3 O-O-O 9. Bg5 Qg6 10. Bxd8 Nxd8 11. g4 Bxg4 12. hxg4 Qxg4 13. Rg1 Qf4 14. Qe2
g6 15. Qe5 Qxf3 16. Qxh8 Bc5 17. d4 Bb6 18. Rg3 Qh1+ 19. Bf1 Bxd4 20. Qxd4 Nc6
21. Qd3 e5 22. Rh3 Qg1 23. Qg3 Qxg3 24. Rxg3 Nd4 25. Ne2 Nxc2+ 26. Kd2 Nxa1 27.
Bh3+ f5 28. Rg1 Nb3+ 29. axb3 Ne7 30. Kc3 a5 31. Rd1 b5 32. f3 b4+ 33. Kc2 c5
34. Ra1 Nc6 35. Kd3 Kb7 36. Kc4 Kb6 37. Kd5 Ne7+ 38. Kxe5 f4 39. Nxf4 Kb5 40.
Bf1+ c4 41. Bxc4+ Kb6 42. Nd5+ Kc6 43. Nxe7+ Kd7 44. Nd5 h6 45. Bb5+ Kd8 46.
Rxa5 Kc8 47. Ra7 Kb8 48. Rh7 h5 49. Kd6 Kc8 50. Kc6 Kd8 51. Rh8# 1-0

[Event "DEM U10w 2019"]
[Site "Willingen GER"]
[Date "2019.06.12"]
[Round "6"]
[White "Le, Thao-Linh"]
[Black "Hoffmann, Svenja"]
[Result "0-1"]
[Termination "normal"]
[Board "17"]
[WhiteElo "1014"]
[BlackElo "1072"]
[PlyCount "60"]
[WhiteFideId "16279131"]
[BlackFideId "16287312"]
[EventCountry "GER"]
[EventRounds "11"]
[EventType "swiss"]
[EventDate "2019.06.08"]

1. e4 e5 2. f4 exf4 3. Bc4 Bc5 4. Nf3 d6 5. d4 Bb6 6. O-O Nc6 7. Kh1 Bg4 8. d5
Ne5 9. Bxf4 Nxc4 10. Qd3 Nxb2 11. Qc3 Qf6 12. Qxf6 Nxf6 13. Nbd2 O-O-O 14. Rab1
Na4 15. Nc4 Nxe4 16. Rb4 Nec5 17. Ng5 Rdf8 18. Ne4 Nxe4 19. Rxa4 Nf2+ 20. Kg1
Ne4+ 21. Be3 Nc3 22. Nxb6+ cxb6 23. Rxg4 Nxd5 24. Rc4+ Kd7 25. Bd4 f6 26. Rf3
b5 27. Rc5 dxc5 28. Bxc5 Re8 29. Bxa7 Re1+ 30. Kf2 Rhe8 0-1

[Event "DEM U10w 2019"]
[Site "Willingen GER"]
[Date "2019.06.12"]
[Round "6"]
[White "Richter, Johanna"]
[Black "Tran, Hanna Emilie Mai Hoa"]
[Result "1/2-1/2"]
[Termination "normal"]
[Board "18"]
[WhiteElo "936"]
[BlackElo "1010"]
[PlyCount "58"]
[WhiteFideId "16278925"]
[BlackFideId "16267869"]
[EventCountry "GER"]
[EventRounds "11"]
[EventType "swiss"]
[EventDate "2019.06.08"]

1. d4 d5 2. Bf4 Nf6 3. e3 a6 4. Bd3 Nc6 5. Nf3 Bg4 6. h3 Bh5 7. Nbd2 e6 8. c3
Bd6 9. Bxd6 Qxd6 10. Qc2 Bxf3 11. Nxf3 e5 12. O-O e4 13. Nd2 exd3 14. Qxd3 O-O
15. Rfe1 Na5 16. b3 Qa3 17. Qc2 c6 18. Rab1 b5 19. Nf3 b4 20. cxb4 Qxb4 21.
Rbd1 Ne4 22. Rd3 c5 23. dxc5 Qxc5 24. Qxc5 Nxc5 25. Rxd5 Ncb7 26. Red1 Rfd8 27.
Ne5 Rxd5 28. Rxd5 Rd8 29. Rxd8+ Nxd8 1/2-1/2

[Event "DEM U10w 2019"]
[Site "Willingen GER"]
[Date "2019.06.12"]
[Round "6"]
[White "Marrufo, Emilia"]
[Black "Kopylov, Diana"]
[Result "0-1"]
[Termination "normal"]
[Board "20"]
[WhiteElo "753"]
[BlackElo "922"]
[PlyCount "46"]
[WhiteFideId "16287363"]
[BlackFideId "16268865"]
[EventCountry "GER"]
[EventRounds "11"]
[EventType "swiss"]
[EventDate "2019.06.08"]

1. d4 d5 2. e3 Nf6 3. f4 Bf5 4. Bd3 Bxd3 5. Qxd3 e6 6. c3 Bd6 7. Nf3 O-O 8. O-O
Nc6 9. Ne5 Bxe5 10. fxe5 Ne4 11. Nd2 Nxd2 12. Bxd2 f6 13. Rf3 fxe5 14. Rh3 g6
15. dxe5 Nxe5 16. Qe2 Qf6 17. Rf1 Qg7 18. Rh4 g5 19. Rh5 Qg6 20. c4 Nxc4 21.
Rf3 Nxd2 22. Rfh3 Qb1+ 23. Qf1 Qxf1# 0-1

[Event "DEM U10w 2019"]
[Site "Willingen GER"]
[Date "2019.06.12"]
[Round "6"]
[White "Engeln, Helene"]
[Black "Janssen, Julika"]
[Result "1-0"]
[Termination "normal"]
[Board "21"]
[WhiteElo "825"]
[BlackElo "839"]
[PlyCount "59"]
[WhiteFideId "16287274"]
[BlackFideId "16287339"]
[EventCountry "GER"]
[EventRounds "11"]
[EventType "swiss"]
[EventDate "2019.06.08"]

1. e4 e5 2. Nf3 Nc6 3. Bc4 Bc5 4. c3 Nf6 5. d4 exd4 6. cxd4 Bb4+ 7. Nc3 Bxc3+
8. bxc3 d5 9. Bb5 Nxe4 10. Ne5 Bd7 11. Qb3 Nxe5 12. dxe5 O-O 13. Qxd5 Nxc3 14.
Qxd7 Qxd7 15. Bxd7 Rad8 16. Bg4 Rd5 17. e6 fxe6 18. Bxe6+ Kh8 19. Bxd5 Re8+ 20.
Kd2 Nxd5 21. Ba3 Rd8 22. Kc2 b5 23. Rhe1 Nf4 24. Re7 Nd5 25. Re6 Kg8 26. Rd1 h6
27. Rde1 Nf6 28. g4 Ne8 29. Rxe8+ Rxe8 30. Rxe8+ 1-0